[Event "Lugano op"]
[Site "Lugano"]
[Date "1988.??.??"]
[Round "?"]
[White "Seirawan, Yasser"]
[Black "Belotti, Bruno"]
[Result "1-0"]
[WhiteElo "2595"]
[BlackElo "2340"]

1.d4 Nf6 2.c4 c5 3.d5 b5 4.cxb5 a6 5.bxa6 Bxa6 6.Nc3 d6 7.e4 Bxf1 8.Kxf1 g6
9.g4 Bg7 10.Kg2 O-O 11.g5 Nfd7 12.h4 Na6 13.h5 Qc7 14.Qg4 Rfb8 15.hxg6 hxg6
16.Qh4 Nf8 17.Nf3 Qd7 18.Nh2 Nb4 19.Ng4 Nd3 20.Rh3 Nxc1 21.Rxc1 Rxb2 22.Rch1 Rab8
23.Nf6+ exf6 24.gxf6 Bxf6 25.Qxf6 Nh7 26.Qf4 g5 27.Qg3  1-0

[Event "World op"]
[Site "Philadelphia"]
[Date "1988.??.??"]
[Round "?"]
[White "Seirawan, Yasser"]
[Black "Dzindzichashvili, Roman"]
[Result "1/2-1/2"]
[WhiteElo "2595"]
[BlackElo "2530"]

1.d4 Nf6 2.c4 e6 3.Nc3 Bb4 4.Qc2 c5 5.dxc5 O-O 6.a3 Bxc5 7.Nf3 Nc6 8.Bg5 Nd4
9.Nxd4 Bxd4 10.e3 Qa5 11.exd4 Qxg5 12.Qd2 Qxd2+ 13.Kxd2 b6 14.b4 Ba6 15.f3 Rac8
16.c5 Bxf1 17.Rhxf1 bxc5 18.dxc5 d6 19.cxd6 Rfd8 20.Rfc1 Rxd6+ 21.Ke2 Ra6
22.Kd2 Rd6+ 23.Ke2 Rdc6 24.Kd2  1/2-1/2

[Event "World op"]
[Site "Philadelphia"]
[Date "1988.??.??"]
[Round "?"]
[White "Seirawan, Yasser"]
[Black "Byrne, Robert E"]
[Result "1-0"]
[WhiteElo "2595"]
[BlackElo "2490"]

1.d4 Nf6 2.c4 g6 3.Nc3 Bg7 4.e4 d6 5.Be2 O-O 6.Bg5 c5 7.d5 e6 8.Qd2 exd5
9.cxd5 a6 10.a4 Nbd7 11.f3 h6 12.Be3 Ne5 13.h4 h5 14.Nh3 Bd7 15.Nf2 Qa5 16.O-O Rfe8
17.Rfb1 Rac8 18.Ra3 Nh7 19.Qd1 f5 20.g3 Nf6 21.Kg2 Re7 22.Bd2 Qd8 23.a5 Qc7
24.b4 cxb4 25.Rxb4 Rce8 26.Be3 Bc8 27.Bb6 Qd7 28.Qd2 fxe4 29.Ncxe4 Nxe4 30.Rxe4 Nf7
31.Bd3 Ne5 32.Be2 Nf7 33.Rxe7 Rxe7 34.Qc2 Nh6 35.Bd3 Nf5 36.Ra4 Qe8 37.Rc4 Bd7
38.Ne4 Qf8 39.Bf2 Be5 40.Qc1 Bb5 41.Rc8 Re8 42.Rxe8 Qxe8 43.Bxb5 axb5 44.Qc7 Qf7
45.Qc8+ Kg7 46.Ng5 Qxd5 47.Qd7+ Kf8 48.Ne6+ Kg8 49.Qe8+ Kh7 50.Qf7+ Kh6 51.Qf8+  1-0

[Event "World op"]
[Site "Philadelphia"]
[Date "1988.??.??"]
[Round "?"]
[White "Meyer, E."]
[Black "Seirawan, Yasser"]
[Result "0-1"]
[WhiteElo "2470"]
[BlackElo "2595"]

1.Nf3 Nf6 2.c4 e6 3.g3 b6 4.Bg2 Bb7 5.O-O c5 6.Nc3 Nc6 7.d4 Nxd4 8.Nxd4 Bxg2
9.Kxg2 cxd4 10.Qxd4 Be7 11.Bf4 d6 12.Qd3 O-O 13.Rad1 Qc8 14.b3 Qc6+ 15.Qf3 Rfc8
16.Rd3 a6 17.Rfd1 Qxf3+ 18.Kxf3 Ne8 19.e4 g5 20.Be3 b5 21.cxb5 axb5 22.Nxb5 Rxa2
23.R1d2 Ra5 24.Rc3 Rxc3 25.Nxc3 Ra3 26.Ra2 Rxb3 27.Ra8 Kf8 28.Ne2 Bf6 29.Kg4 Rb5
30.h4 h5+ 31.Kxh5 gxh4+ 32.Kg4 Rb2 33.Nf4 hxg3 34.Kxg3 Be5 35.Kg4 Rb4 36.f3 Rb3
37.Ng2 Ke7 38.Ra7+ Kf6 39.Ra8 Ng7 40.Bg5+ Kg6 41.Nh4+ Kh7 42.Rf8 Rb7 43.Bf4 f5+
44.Kg5 Bxf4+ 45.Kxf4 e5+ 46.Kg3 Nh5+ 47.Kf2 Rb2+ 48.Ke1 fxe4 49.Rf7+ Kg8
50.Rf5 Ng7 51.Rg5 exf3 52.Nf5 Rg2 53.Nh6+ Kh7 54.Ng4 Ne6 55.Nf6+ Kh6  0-1

[Event "Saint John op-2"]
[Site "Saint John"]
[Date "1988.??.??"]
[Round "?"]
[White "Ivanovic, Bozidar"]
[Black "Seirawan, Yasser"]
[Result "1/2-1/2"]
[WhiteElo "2530"]
[BlackElo "2595"]

1.e4 c6 2.d4 d5 3.Nd2 dxe4 4.Nxe4 Bf5 5.Ng3 Bg6 6.Nf3 Nd7 7.h4 h6 8.h5 Bh7
9.Bd3 Bxd3 10.Qxd3 e6 11.Bd2 Ngf6 12.O-O-O Be7 13.Ne4 Nxe4 14.Qxe4 Nf6 15.Qe2  1/2-1/2

[Event "Saint John op-2"]
[Site "Saint John"]
[Date "1988.??.??"]
[Round "?"]
[White "Benjamin, Joel"]
[Black "Seirawan, Yasser"]
[Result "1/2-1/2"]
[WhiteElo "2565"]
[BlackElo "2595"]

1.d4 Nf6 2.c4 e6 3.Nf3 b6 4.g3 Bb7 5.Bg2 Bb4+ 6.Bd2 Bxd2+ 7.Qxd2 O-O 8.O-O d6
9.Nc3 Ne4 10.Nxe4 Bxe4 11.Ne1 Bxg2 12.Nxg2  1/2-1/2

[Event "Saint John op-2"]
[Site "Saint John"]
[Date "1988.??.??"]
[Round "?"]
[White "Seirawan, Yasser"]
[Black "Groszpeter, Attila"]
[Result "1-0"]
[WhiteElo "2595"]
[BlackElo "2495"]

1.d4 Nf6 2.c4 e6 3.Nf3 b6 4.Nc3 Bb7 5.Bg5 Be7 6.Qc2 h6 7.Bh4 d5 8.Bxf6 Bxf6
9.cxd5 exd5 10.g3 O-O 11.Bg2 Nd7 12.O-O Re8 13.e3 c6 14.Rfd1 a5 15.Ne1 Be7
16.Nd3 Bf8 17.a3 Ba6 18.Rac1 Bc4 19.a4 Bb4 20.Nxb4 axb4 21.b3 Bxb3 22.Qxb3 bxc3
23.Rxc3 Nb8 24.Rb1 Qe7 25.Bf1 Qa7 26.Be2 Qxa4 27.Qxa4 Rxa4 28.Rxb6 Kf8 29.Rcb3 Ra8
30.Rb7 g6 31.Kg2 h5 32.h3 Rd8 33.Rc7 Kg7 34.Rbb7 Rf8 35.g4 Ra2 36.Bf3 hxg4
37.hxg4 Ra8 38.g5 Ra3 39.Bg4 Ra6 40.Be6  1-0

[Event "Saint John op-2"]
[Site "Saint John"]
[Date "1988.??.??"]
[Round "?"]
[White "Seirawan, Yasser"]
[Black "Frias, Victor J"]
[Result "1-0"]
[WhiteElo "2595"]
[BlackElo "2485"]

1.d4 Nf6 2.c4 e6 3.Nf3 b6 4.Nc3 Bb4 5.Qb3 c5 6.a3 Ba5 7.e3 Ne4 8.Bd3 Nxc3
9.bxc3 cxd4 10.exd4 Bb7 11.O-O O-O 12.Re1 Bxf3 13.gxf3 Nc6 14.Bf4 d5 15.cxd5 exd5
16.Re3 Qf6 17.Bg3 Rac8 18.Rae1 g6 19.Bf1 h5 20.Qxd5 h4 21.Qd6 Qh8 22.Bf4 Nb8
23.Bh3 Bxc3 24.Bxc8 Bxe1 25.Qxb8 Bd2 26.Re4 Bxf4 27.Rxf4 g5 28.Re4 Qf6 29.Qb7 Qxf3
30.Bg4 Qxa3 31.Qd5 Qc1+ 32.Kg2 Kg7 33.Re5 f6 34.Re7+ Kh6 35.Qf5  1-0

[Event "Saint John op-2"]
[Site "Saint John"]
[Date "1988.??.??"]
[Round "?"]
[White "Gipslis, Aivars"]
[Black "Seirawan, Yasser"]
[Result "0-1"]
[WhiteElo "2505"]
[BlackElo "2595"]

1.e4 c6 2.d4 d5 3.Nc3 dxe4 4.Nxe4 Nf6 5.Nxf6+ gxf6 6.c3 Bf5 7.Ne2 Nd7 8.Ng3 Bg6
9.h4 h5 10.Be2 Qa5 11.b4 Qc7 12.Nxh5 e5 13.Be3 O-O-O 14.O-O Be7 15.f4 Nb6
16.Rc1 Nd5 17.Bf2 exf4 18.b5 Ba3 19.Ng7 Bxc1 20.Qxc1 Rdg8 21.Bg4+ Kb8 22.Nf5 Bxf5
23.Bxf5 f3 24.g4 Ne7  0-1

[Event "Saint John op-2"]
[Site "Saint John"]
[Date "1988.??.??"]
[Round "?"]
[White "Levitt, Jonathan"]
[Black "Seirawan, Yasser"]
[Result "0-1"]
[WhiteElo "2440"]
[BlackElo "1835"]

1.d4 Nf6 2.c4 e6 3.Nc3 d5 4.Nf3 c6 5.Bg5 Nbd7 6.e3 Qa5 7.Nd2 dxc4 8.Bxf6 Nxf6
9.Nxc4 Qc7 10.g3 Bd7 11.Bg2 c5 12.O-O cxd4 13.Qxd4 Rc8 14.Nd2 Bc5 15.Qc4 O-O
16.Nb3 Bd6 17.Qd3 Be5 18.Rac1 Qb6 19.Rfd1 h5 20.Rc2 Rfd8 21.Rcd2 Bxc3 22.bxc3 Qc7
23.Bf3 b6 24.Qa6 e5 25.Rd6 Bg4 26.Rxd8+ Rxd8 27.Rxd8+ Qxd8 28.Qb7 Bxf3 29.Qxf3 g6
30.h3 Kg7 31.Qe2 Qc8 32.Kg2 Qc6+ 33.f3 Qxc3 34.g4 hxg4 35.hxg4 Nd5 36.Kf2 Nb4
37.g5 Nd3+ 38.Kg3 a5 39.Nd2 Qc2 40.Qh2 Nc5 41.Kg4 Kg8 42.a3 Ne6 43.a4 Qf5+
44.Kg3 Nxg5 45.Qh4 Kg7 46.Qg4 Qxg4+ 47.Kxg4 Nh7 48.f4 Nf6+ 49.Kf3 exf4 50.Nc4 Nd7
51.Kxf4 Kf6 52.e4 Ke6 53.Kg5 f6+ 54.Kf4 g5+ 55.Ke3 f5 56.exf5+ Kxf5 57.Kd4 Ke6
58.Ne3 Nc5 59.Kc4 Nxa4 60.Kb5 Nc3+  0-1

[Event "Thessaloniki ol (Men)"]
[Site "Thessaloniki"]
[Date "1988.??.??"]
[Round "1"]
[White "El Arousy, Abdul Hameed"]
[Black "Seirawan, Yasser"]
[Result "0-1"]
[WhiteElo "2200"]
[BlackElo "2610"]

1.d4 d6 2.c4 e5 3.dxe5 dxe5 4.Qxd8+ Kxd8 5.Nc3 Be6 6.Nf3 f6 7.e3 c6 8.Bd2 Nd7
9.Be2 Ne7 10.Ne4 Nc8 11.Ba5+ b6 12.Bc3 a5 13.O-O-O Kc7 14.Rd2 Nd6 15.Nxd6 Bxd6
16.Rdd1 Bb4 17.Be1 Nc5 18.a3 Bf5 19.Nd2 Rhd8 20.axb4 axb4 21.e4 Ra1+ 22.Kc2 Bxe4+
23.Nxe4 b3+ 24.Kc3 Nxe4+ 25.Kxb3 Rdxd1 26.Bxd1 Rxd1 27.f3 Nc5+ 28.Kc2 Ra1
29.Rg1 Ne6 30.Bf2 Rxg1 31.Bxg1 Nf4 32.c5 b5 33.g3 Nh3 34.Be3 Kd7 35.Kd3 Ke6
36.b3 h5 37.Ke2 Kf5 38.Kd3 g5 39.Ke2 g4 40.fxg4+ hxg4 41.Kd3 Ke6 42.Bh6 Kd5
43.Ke3 f5 44.Bf8 Ng5 45.Be7 Ne6 46.b4 Kc4 47.Bd6 e4  0-1

[Event "Thessaloniki ol (Men)"]
[Site "Thessaloniki"]
[Date "1988.??.??"]
[Round "5"]
[White "Milos, Gilberto"]
[Black "Seirawan, Yasser"]
[Result "1-0"]
[WhiteElo "2530"]
[BlackElo "2610"]

1.Nf3 Nf6 2.c4 e6 3.Nc3 Bb4 4.Qc2 b6 5.g3 Bb7 6.Bg2 O-O 7.O-O d5 8.cxd5 exd5
9.d4 Re8 10.Bf4 c6 11.Rfd1 Nbd7 12.a3 Bxc3 13.bxc3 Ba6 14.Re1 h6 15.Rad1 Qe7
16.Nh4 Ne4 17.f3 Nd6 18.e4 Nf8 19.Bh3 dxe4 20.fxe4 Bc8 21.Bxd6 Qxd6 22.e5 Qc7
23.Bxc8 Raxc8 24.Nf5 Re6 25.Re4  1-0

[Event "Thessaloniki ol (Men)"]
[Site "Thessaloniki"]
[Date "1988.??.??"]
[Round "6"]
[White "Seirawan, Yasser"]
[Black "Ftacnik, Lubomir"]
[Result "1-0"]
[WhiteElo "2610"]
[BlackElo "2590"]

1.c4 c5 2.g3 g6 3.Bg2 Bg7 4.Nc3 Nc6 5.a3 a6 6.e3 Rb8 7.a4 d6 8.Nge2 h5 9.h3 e5
10.Nd5 Nge7 11.Nec3 Nxd5 12.Nxd5 Ne7 13.a5 Bd7 14.d3 f5 15.Bd2 h4 16.g4 Bc6
17.gxf5 gxf5 18.Rg1 Nxd5 19.Bxd5 Bxd5 20.cxd5 Qf6 21.Qb3 O-O 22.O-O-O Kh7
23.Rg2 Bh6 24.Rdg1 Qf7 25.Qa4 Qe7 26.e4 f4 27.Qd1 Rg8 28.Qh5 Rxg2 29.Qf5+ Kh8
30.Rxg2 Rg8 31.Rxg8+ Kxg8 32.Qg6+ Bg7 33.b4 Qd7 34.bxc5 dxc5 35.Qf5 Qxf5
36.exf5 Bf8 37.f3 Kf7 38.Kc2 Kf6 39.Be1 Kxf5 40.Bxh4 Bd6 41.Bd8 c4 42.Kc3 cxd3
43.Kxd3 Bc5 44.h4 e4+ 45.fxe4+ Kg4 46.Ke2 f3+ 47.Kf1 Kf4 48.Bc7+ Kxe4 49.d6  1-0

[Event "Thessaloniki ol (Men)"]
[Site "Thessaloniki"]
[Date "1988.??.??"]
[Round "7"]
[White "Uhlmann, Wolfgang"]
[Black "Seirawan, Yasser"]
[Result "1/2-1/2"]
[WhiteElo "2505"]
[BlackElo "2610"]

1.c4 e5 2.Nc3 Nf6 3.Nf3 Nc6 4.g3 d5 5.cxd5 Nxd5 6.Bg2 Nb6 7.d3 Be7 8.O-O O-O
9.a3 Be6 10.Be3 Nd5 11.Nxd5 Bxd5 12.Rc1 Bd6 13.Bc5 Qe7 14.Bxd6 cxd6 15.b4  1/2-1/2

[Event "Thessaloniki ol (Men)"]
[Site "Thessaloniki"]
[Date "1988.??.??"]
[Round "11"]
[White "Short, Nigel D"]
[Black "Seirawan, Yasser"]
[Result "1/2-1/2"]
[WhiteElo "2665"]
[BlackElo "2610"]

1.e4 e6 2.d4 d5 3.Nc3 dxe4 4.Nxe4 Nd7 5.Nf3 Be7 6.g3 Ngf6 7.Nxf6+ Bxf6 8.Bg2 O-O
9.O-O e5 10.Be3 c6 11.a4 exd4 12.Bxd4 a5 13.Re1 Bxd4 14.Qxd4 Nf6 15.Qc5 Re8
16.Nd4 Bd7 17.c3 Rb8 18.Rxe8+ Nxe8 19.Re1 b6 20.Qe5 c5 21.Nc6 Bxc6 22.Bxc6 Nf6
23.h4 Rc8 24.Bb5 Kf8 25.Qf4 h5 26.Re5 Qd6 27.Be2 Rd8 28.Bf3 Qd2 29.Re3 Qd6
30.Qg5 g6 31.Qh6+ Kg8 32.Be2 Ng4 33.Bxg4 hxg4 34.Qg5 Kg7 35.Qxg4 Qd1+ 36.Qxd1 Rxd1+
37.Kg2 Ra1 38.Re7 Ra2 39.b4  1/2-1/2

[Event "Thessaloniki ol (Men)"]
[Site "Thessaloniki"]
[Date "1988.??.??"]
[Round "12"]
[White "Van der Wiel, John TH"]
[Black "Seirawan, Yasser"]
[Result "1/2-1/2"]
[WhiteElo "2540"]
[BlackElo "2610"]

1.e4 c6 2.d4 d5 3.Nd2 g6 4.c3 Bg7 5.e5 f6 6.f4 Nh6 7.Ndf3 b6 8.Bd3 Bf5 9.Ne2 Qc8
10.exf6 exf6 11.O-O O-O 12.Ng3 Bxd3 13.Qxd3 Qa6 14.Qxa6 Nxa6 15.f5 Nf7 16.fxg6 hxg6
17.Bf4 Bh6 18.Bxh6 Nxh6 19.Rad1 Rae8 20.h3  1/2-1/2

[Event "Thessaloniki ol (Men)"]
[Site "Thessaloniki"]
[Date "1988.??.??"]
[Round "14"]
[White "Seirawan, Yasser"]
[Black "Portisch, Lajos"]
[Result "1/2-1/2"]
[WhiteElo "2610"]
[BlackElo "2630"]

1.d4 d5 2.c4 e6 3.Nc3 Be7 4.Nf3 Nf6 5.Bg5 O-O 6.e3 h6 7.Bh4 b6 8.Be2 Bb7
9.Bxf6 Bxf6 10.cxd5 exd5 11.b4 c5 12.bxc5 bxc5 13.Rb1 Bc6 14.O-O Nd7 15.Bb5 Qc7
16.Qc2 Rfc8 17.Rfc1 Rab8 18.dxc5 Bxb5 19.Nxb5 Qa5 20.Qf5 Rxb5 21.Qxd7 Rcxc5
22.g3 Qa4 23.Rf1 Rb4 24.Qf5 Rb6 25.Rbc1 g6 26.Qf4 Qxf4 27.gxf4 Ra5 28.Rc7 Rba6
29.Rd1 d4 30.e4 Rxa2 31.Rc8+ Kh7 32.e5 Ra1 33.Rxa1 Rxa1+ 34.Kg2 Bg7 35.Rc7 Kg8
36.Rc8+ Kh7 37.Rc7 Kg8 38.Rc8+ Kh7 39.Rc7 Kg8  1/2-1/2

[Event "USA-ch"]
[Site "?"]
[Date "1988.??.??"]
[Round "?"]
[White "Seirawan, Yasser"]
[Black "Kudrin, Sergey"]
[Result "1-0"]
[WhiteElo "2610"]
[BlackElo "2545"]

1.d4 Nf6 2.Nf3 g6 3.c3 Bg7 4.Bg5 O-O 5.Nbd2 d5 6.e3 b6 7.Be2 Bb7 8.b4 Nbd7
9.O-O Qe8 10.Bxf6 Bxf6 11.b5 a6 12.a4 e5 13.dxe5 Nxe5 14.Nxe5 Bxe5 15.Qb3 axb5
16.axb5 d4 17.cxd4 Bxd4 18.Rxa8 Bxa8 19.Bf3 Bxf3 20.Nxf3 Bf6 21.Rc1 Qe7 22.g3 Be5
23.Qd5 Bd6 24.Ra1 Re8 25.Ra8 Rxa8 26.Qxa8+ Kg7 27.Qd5 h6 28.Kg2 Qf6 29.Nd4 Qe5
30.Qf3 Qc5 31.Qe4 Be5 32.Nc6 Bf6 33.Qd3 h5 34.h3 Bc3 35.e4 Be1 36.Qe2 Qc1
37.e5 Qd2 38.Qf3 Qg5 39.Qe4 Bc3 40.f4 Qh6 41.Qc4  1-0

[Event "USA-ch"]
[Site "?"]
[Date "1988.??.??"]
[Round "?"]
[White "Wilder, Michael"]
[Black "Seirawan, Yasser"]
[Result "1/2-1/2"]
[WhiteElo "2505"]
[BlackElo "2610"]

1.Nf3 Nf6 2.c4 e6 3.g3 b6 4.Bg2 Bb7 5.d4 Bb4+ 6.Bd2 c5 7.O-O Bxd2 8.Qxd2 cxd4
9.Qxd4 Nc6 10.Qf4 Qb8 11.Nc3 Qxf4 12.gxf4  1/2-1/2

[Event "USA-ch"]
[Site "?"]
[Date "1988.??.??"]
[Round "?"]
[White "Seirawan, Yasser"]
[Black "Benjamin, Joel"]
[Result "1/2-1/2"]
[WhiteElo "2610"]
[BlackElo "2560"]

1.d4 Nf6 2.Nf3 e6 3.c4 Bb4+ 4.Bd2 a5 5.g3 d6 6.Bg2 Nbd7 7.O-O e5 8.Be3 exd4
9.Bxd4 O-O 10.Nc3 Bc5 11.Qc2 Re8 12.Rad1 Qe7 13.e3 Nb6 14.Bxc5 dxc5 15.b3 Bg4
16.Rd2 a4 17.h3 axb3 18.axb3 Bxf3 19.Bxf3 c6 20.Rfd1 Qe5 21.Bg2 h5 22.Rd3 Qe7
23.f4 Nbd7 24.e4 Nf8 25.e5 N6h7 26.Ne4 f6 27.Nd6 Red8 28.Qe2 fxe5 29.Nf5 Qc7
30.Rxd8 Rxd8 31.Rxd8 Qxd8 32.Qxe5 Qd7 33.Qxc5 b6 34.Qe5 Ng6 35.Qb8+ Nhf8
36.Nd6 h4 37.f5 Ne5 38.gxh4 Nd3 39.Ne4 Qd4+ 40.Kh2 Ne1 41.Qd6 Qb2 42.Qd2 Qe5+
43.Ng3 Nxg2 44.Kxg2 b5 45.h5 Kf7 46.h4 bxc4 47.bxc4 Qe7 48.Kh3 Qf6 49.c5 Ke7
50.Qe3+ Kf7 51.Qd2 Ke7 52.Qg5 Kf7 53.Ne4 Qd4 54.Qf4 Qd3+ 55.Ng3 Qd5 56.Qe3 Nd7
57.h6 gxh6 58.Qxh6 Nxc5 59.h5 Nd3 60.Qg6+ Kf8 61.Qh6+ Kf7 62.Qe3 Qc4 63.Kg2 Qd5+
64.Kh2 Qa2+ 65.Kg1 Qa1+ 66.Kg2 Qa2+ 67.Kf3 Qd5+ 68.Kg4 c5 69.h6 Qd4+ 70.Qxd4 cxd4
71.Ne4 Ne5+ 72.Kf4 Ng6+ 73.Kf3 Ne5+ 74.Ke2 Kg8 75.Ng5 Kh8 76.f6 Kg8 77.Kd2 Kh8
78.Ke2 Kg8 79.Kd2 Kh8 80.Kc2 Kg8 81.Kd1 Kh8 82.Ke1 Kg8 83.Kf1 Kh8 84.Kg1 Kg8
85.Kg2 d3 86.Kf1 Kh8 87.Ke1 Kg8 88.Kd2 Kh8 89.Kc3 Kg8 90.Kb3 Kh8 91.Kb2 Kg8
92.Kc3 Kh8 93.f7 Nxf7 94.Nxf7+ Kh7 95.Kxd3 Kg6  1/2-1/2

[Event "USA-ch"]
[Site "?"]
[Date "1988.??.??"]
[Round "?"]
[White "Seirawan, Yasser"]
[Black "Gulko, Boris F"]
[Result "1/2-1/2"]
[WhiteElo "2610"]
[BlackElo "2590"]

1.d4 Nf6 2.c4 g6 3.Nc3 d5 4.Bf4 Bg7 5.e3 c5 6.dxc5 Qa5 7.Qa4+ Qxa4 8.Nxa4 O-O
9.Nf3 Bd7 10.Nc3 dxc4 11.Bxc4 Rc8 12.Ng5 e6 13.Rb1 Rxc5 14.Bb3 Rc8 15.e4 h6
16.Nf3 Bc6 17.Nd4 g5 18.Be5  1/2-1/2

[Event "USA-ch"]
[Site "?"]
[Date "1988.??.??"]
[Round "?"]
[White "Rohde, Michael A"]
[Black "Seirawan, Yasser"]
[Result "1-0"]
[WhiteElo "2565"]
[BlackElo "2610"]

1.e4 d6 2.d4 g6 3.Nf3 Nf6 4.Bd3 Bg7 5.O-O O-O 6.Bg5 h6 7.Bh4 Bg4 8.Nbd2 e5
9.dxe5 dxe5 10.h3 Bxf3 11.Qxf3 Nbd7 12.Nc4 Qe8 13.Ne3 c6 14.Rfd1 b5 15.a4 a6
16.axb5 axb5 17.Rxa8 Qxa8 18.Bf1 Qb7 19.c4 b4 20.c5 Nh7 21.Nc4 Nxc5 22.Nd6 Qc7
23.Bc4 Na4 24.Qb3 Nb6 25.Bxf7+ Rxf7 26.Bd8 Qxd8 27.Qxf7+ Kh8 28.Qb3 Ng5 29.Nf7+ Nxf7
30.Rxd8+ Nxd8 31.Qxb4 Ne6 32.Qxb6 Nd4 33.h4 h5 34.g3 Kh7 35.Kg2 Bf6 36.Qc7+ Kg8
37.Qd7 Bg7 38.f4 exf4 39.gxf4 Kh8 40.e5 Nf5 41.Kh3  1-0

[Event "USA-ch"]
[Site "?"]
[Date "1988.??.??"]
[Round "?"]
[White "Miles, Anthony J"]
[Black "Seirawan, Yasser"]
[Result "1/2-1/2"]
[WhiteElo "2500"]
[BlackElo "2610"]

1.Nf3 Nf6 2.c4 e6 3.d4 Bb4+ 4.Nbd2 b6 5.a3 Bxd2+ 6.Qxd2 Bb7 7.e3 O-O 8.Be2 d6
9.O-O a5 10.b3 Nbd7 11.Bb2 Ne4 12.Qd3 f5 13.Nd2 e5 14.f3 Nxd2 15.Qxd2 Qe7
16.Rac1 e4 17.d5 exf3 18.Rxf3 Ne5 19.Rf4 Ng6 20.Rf2 Rae8 21.Bd3 Bc8 22.Bd4 Ne5
23.Rcf1 Qg5 24.Rf4 Rf7 25.Qc3 Bd7 26.Bb1 Ng6 27.R4f3 Ne5 28.Rf4 Ng6 29.R4f2 Ne5
30.h3  1/2-1/2

[Event "USA-ch"]
[Site "?"]
[Date "1988.??.??"]
[Round "?"]
[White "Fedorowicz, John P"]
[Black "Seirawan, Yasser"]
[Result "1/2-1/2"]
[WhiteElo "2520"]
[BlackElo "2610"]

1.e4 e6 2.d4 d5 3.Nc3 Bb4 4.e5 Qd7 5.a3 Bxc3+ 6.bxc3 b6 7.a4 Ba6 8.Bxa6 Nxa6
9.Qd3 Nb8 10.Qg3 f5 11.Ne2 Nc6 12.Nf4 O-O-O 13.a5 Nxa5 14.Rxa5 bxa5 15.Nd3 g6
16.O-O Qb5 17.Nc5 Re8 18.h4 Ne7 19.Nxe6 Nc6 20.Nf4 Nd8 21.Qf3 c6 22.Ba3 Ne6
23.Nxe6 Rxe6 24.Bc5 Kb7 25.Ra1 Rxe5 26.c4 dxc4 27.Qc3 Rxc5 28.dxc5 Re8 29.Rxa5 Qb1+
30.Kh2 Ka8 31.Ra1 Qb8+ 32.Kg1 Re4 33.f3 Qe5 34.Rxa7+ Kxa7 35.Qa5+ Kb7 36.Qb6+ Kc8
37.Qxc6+ Kd8 38.fxe4 fxe4 39.Qb6+  1/2-1/2

[Event "USA-ch"]
[Site "?"]
[Date "1988.??.??"]
[Round "?"]
[White "Alburt, Lev O"]
[Black "Seirawan, Yasser"]
[Result "0-1"]
[WhiteElo "2525"]
[BlackElo "2610"]

1.d4 d6 2.Nf3 g6 3.c4 Bg7 4.Nc3 e5 5.dxe5 dxe5 6.Qxd8+ Kxd8 7.e4 f6 8.Be3 Be6
9.Nd2 Bh6 10.Bxh6 Nxh6 11.Be2 c6 12.O-O-O Ke7 13.Kc2 Nf7 14.h4 Nd7 15.a3 a5
16.b3 Nd6 17.Ra1 Ra7 18.Kb2 Rha8 19.Na4 b6 20.Rac1 Nc5 21.Nc3 a4 22.bxa4 Nxa4+
23.Nxa4 Rxa4 24.Rc3 Nb7 25.Bd1 R4a7 26.Bc2 Nc5 27.Rb1 Kd6 28.Rf3 Rf7 29.Kc1 Kc7
30.Nb3 Nd7 31.Nd2 Rff8 32.a4 Nc5 33.Ra1 Ra7 34.Rfa3 Nb7 35.Rc3 Raa8 36.Nb3 c5
37.Nd2 Na5 38.Bd3 Rfd8 39.Nf1 Rxd3 40.Rxd3 Bxc4 41.Kc2 Bxd3+ 42.Kxd3 Nb3
43.Ra3 b5 44.Ne3 Nd4 45.Nd5+ Kd6 46.Nxf6 c4+ 47.Kd2 b4 48.Rg3 c3+  0-1

[Event "USA-ch"]
[Site "?"]
[Date "1988.??.??"]
[Round "?"]
[White "Seirawan, Yasser"]
[Black "De Firmian, Nick E"]
[Result "0-1"]
[WhiteElo "2610"]
[BlackElo "2560"]

1.d4 Nf6 2.Nf3 e6 3.g3 b5 4.Bg2 Bb7 5.Bg5 c5 6.Bxf6 Qxf6 7.O-O Nc6 8.Nc3 Nxd4
9.Nxd4 Bxg2 10.Ndxb5 Bxf1 11.Nc7+ Kd8 12.Nxa8 Bh3 13.Qd3 Qe5 14.Rd1 d5 15.Qb5 Ke7
16.Qxc5+ Kf6 17.Qxa7 Kg6 18.Nb6 Qf5 19.Nd7 Be7 20.Qd4 f6 21.Qd3 Kf7 22.a4 Rd8
23.Nb6 d4 24.Qxf5 Bxf5 25.Nb5 e5 26.c4 Bc5 27.Nd5 Bc2 28.Rc1 Bxa4 29.b4 Bf8
30.Nbc7 e4 31.Kf1 d3 32.exd3 exd3 33.Ke1 Bxb4+ 34.Kf1 d2 35.Ra1 d1=Q+ 36.Rxd1 Bxd1
37.Nxb4 Bb3 38.c5 Rc8 39.Nca6 Bc4+ 40.Ke1 Bxa6 41.Nxa6 Rc6 42.Nb4 Rxc5 43.Nd3 Rc8
44.h4 h6 45.h5 Rc6 46.Nf4 Rd6 47.Ke2 Ra6 48.g4 Ra3 49.f3 Ke7 50.Ng6+ Ke6
51.Nh4 Ke5 52.Ng6+ Kd4 53.Kf2 f5 54.gxf5 Ra5 55.Ne7 Ra2+ 56.Kg3 Ke5 57.f4+ Kf6
58.Nd5+ Kxf5 59.Ne3+ Ke4 60.Nc4 Ra6 61.Kg4 Rc6 62.Nd2+ Kd5 63.Nf1 Rc1 64.Ng3 Ke6
65.Ne2 Ra1 66.Ng3 Ra3 67.Nf5 Kf6 68.Nd6 Ra4 69.Ne8+ Kf7 70.Nd6+ Ke6 71.Nf5 Kf6
72.Nh4 Rb4 73.Ng6 Rb1 74.Nh4 Rg1+ 75.Kf3 Ke6 76.Ng2 Rh1 77.Kg4 Kd5 78.Nh4 Ke4
79.Nf3 Rd1 80.f5 Rd3 81.Nh4 Rd5  0-1

[Event "Lugano op"]
[Site "Lugano"]
[Date "1989.??.??"]
[Round "1"]
[White "Seirawan, Yasser"]
[Black "Zak, Uriel"]
[Result "0-1"]
[WhiteElo "2610"]
[BlackElo "2335"]

1.e4 e5 2.Nf3 Nc6 3.Bb5 a6 4.Ba4 Nf6 5.O-O Nxe4 6.d4 b5 7.Bb3 d5 8.dxe5 Be6
9.c3 Bc5 10.Nbd2 O-O 11.Bc2 Bf5 12.Nb3 Bxf2+ 13.Rxf2 Nxf2 14.Kxf2 Bxc2 15.Qxc2 f6
16.exf6 Qxf6 17.Kg1 Ne5 18.Qd1 Rae8 19.Qxd5+ Kh8 20.Bd2 Nxf3+ 21.gxf3 Re2
22.Be1 Rxb2 23.Nd4 Qf4 24.Bg3 Qd2 25.f4 c5 26.f5 cxd4 27.cxd4 Qd3 28.f6 gxf6
29.Rf1 Rg8 30.Rxf6 Rxg3+ 31.hxg3 Qe3+  0-1

[Event "Lugano op"]
[Site "Lugano"]
[Date "1989.??.??"]
[Round "2"]
[White "Trauth, Michael"]
[Black "Seirawan, Yasser"]
[Result "0-1"]
[WhiteElo "2275"]
[BlackElo "2610"]

1.Nf3 c5 2.c4 Nc6 3.g3 g6 4.Bg2 Bg7 5.Nc3 e5 6.a3 Nge7 7.O-O O-O 8.b4 d6
9.Rb1 Rb8 10.d3 b6 11.Ne1 h6 12.Nc2 Kh7 13.Ne3 Bd7 14.Ned5 Nxd5 15.Nxd5 Ne7
16.Bd2 Nxd5 17.Bxd5 Qe8 18.b5 f5 19.f4 Be6 20.Bg2 Rd8 21.Qc2 exf4 22.gxf4 d5
23.cxd5 Bxd5 24.e4 Be6 25.Bc3 Qd7 26.Bxg7 Qxg7 27.exf5 gxf5 28.Kh1 Qd4 29.Rbe1 Rf6
30.Re5 Qxd3 31.Qf2 Qd2 32.Qf3 Rg6 33.Rfe1 Rd6 34.R5e2 Qd4 35.Qb7+ Rg7 36.Qa8 Rd8
37.Qc6 Bd7 38.Qf3 Rdg8 39.Re7 Bxb5 40.Qh5 Bd7 41.Qh4 c4 42.Bf3 c3 43.Rd1 Qxd1+
44.Bxd1 Bc6+ 45.Bf3 Bxf3+  0-1

[Event "Lugano op"]
[Site "Lugano"]
[Date "1989.??.??"]
[Round "5"]
[White "Thorsteins, Karl"]
[Black "Seirawan, Yasser"]
[Result "1/2-1/2"]
[WhiteElo "2430"]
[BlackElo "2610"]

1.d4 d6 2.e4 g6 3.Nf3 Nf6 4.Nc3 Bg7 5.Be2 O-O 6.O-O Bg4 7.h3 Bxf3 8.Bxf3 Nc6
9.Ne2 e5 10.c3 Nd7 11.g3 exd4 12.Nxd4 Re8 13.Bg2 Nxd4 14.cxd4 c5 15.Be3 Qb6
16.e5 Rad8 17.a3 Qxb2 18.Qa4 cxd4 19.Bxd4 Qe2 20.Qxa7 dxe5 21.Be3 e4 22.Rad1 Ne5
23.Rxd8 Rxd8 24.Qxb7 Nf3+ 25.Bxf3 exf3 26.Rc1 Bf8 27.a4 h5 28.h4 Rd1+ 29.Rxd1 Qxd1+
30.Kh2 Qxa4 31.Qxf3  1/2-1/2

[Event "Lugano op"]
[Site "Lugano"]
[Date "1989.??.??"]
[Round "6"]
[White "Hort, Vlastimil"]
[Black "Seirawan, Yasser"]
[Result "1-0"]
[WhiteElo "2580"]
[BlackElo "2610"]

1.d4 Nf6 2.c4 e6 3.Nf3 Bb4+ 4.Bd2 Qe7 5.g3 Nc6 6.Bg2 Bxd2+ 7.Nbxd2 d6 8.O-O O-O
9.e4 a5 10.d5 Ne5 11.Nxe5 dxe5 12.Qc2 exd5 13.cxd5 c6 14.Nc4 Qc5 15.Rac1 Re8
16.Rfe1 cxd5 17.exd5 e4 18.Qd2 h5 19.a3 Bg4 20.h3 Bd7 21.Qf4 Nxd5 22.Qd6 Qxd6
23.Nxd6 Re7 24.Rxe4 Rxe4 25.Bxe4 Bc6 26.Rc5 Ne7 27.Rxh5 a4 28.Re5 Ng6 29.Rc5 Ra6
30.Bxc6 bxc6 31.Nc4 Ne7 32.Ra5 Rxa5 33.Nxa5 f5 34.Nb7 Nd5 35.Kf1 Nb6 36.Nd6 g6
37.Ke2 Kf8 38.Kd3 Ke7 39.Nc4 Nd7 40.Kd4 Ke6 41.Nd2 Kd6 42.f4 c5+ 43.Kc4 Kc6
44.Nf3 Nb6+ 45.Kd3 Kd5 46.Ne5 g5 47.Ng6 gxf4 48.Nxf4+ Ke5 49.h4 Nd7 50.Kc4 Ke4
51.h5 Kf3 52.h6 Kxg3 53.h7 Ne5+ 54.Kxc5 Nf7 55.Ng6 f4 56.Ne5 Nh8 57.Kb4 Kh4
58.Kxa4 Kg5 59.b4 Kf6 60.Nd3  1-0

[Event "Lugano op"]
[Site "Lugano"]
[Date "1989.??.??"]
[Round "7"]
[White "Seirawan, Yasser"]
[Black "Giffard, Nicolas"]
[Result "1-0"]
[WhiteElo "2610"]
[BlackElo "2345"]

1.d4 Nf6 2.c4 d6 3.Nc3 e5 4.Nf3 e4 5.Ng5 Qe7 6.h4 h6 7.Nh3 c6 8.Nf4 Na6 9.e3 Bg4
10.f3 Bf5 11.Bd2 h5 12.Qa4 Qd7 13.Be2 Be7 14.O-O-O g6 15.fxe4 Nxe4 16.Nxe4 Bxe4
17.Bf3 Bxf3 18.gxf3 O-O-O 19.e4 Kb8 20.Be3 Rhe8 21.d5 c5 22.Qxd7 Rxd7 23.a3 b6
24.Kc2 Rb7 25.Nd3 b5 26.b3 bxc4 27.bxc4 Ka8 28.Rb1 Rxb1 29.Kxb1 Nb8 30.Bg5 Bf8
31.Bf6 Nd7 32.Bc3 Nb6 33.Nb2 Be7 34.Kc2 Bd8 35.Kb3 Bc7 36.Kc2 Bd8 37.Kd3 Nd7
38.Na4 Ne5+ 39.Bxe5 Rxe5 40.f4 Re8 41.e5 dxe5 42.fxe5 Rxe5 43.Nxc5 Bb6 44.Nd7 Re3+
45.Kd2 Re4 46.Nxb6+ axb6 47.Kd3 f5 48.Rb1 Ka7 49.a4 Ka6 50.a5 Kxa5 51.d6 Re8
52.c5  1-0